LEADER 01017nam a2200241 i 4500 001 000000165920 003 CaOOAMICUS 005 20071031000000.0 008 071031s1969 it u000 u ita u 013 $a143288 040 $aSeMil$bita 100 1 $aNiccolò : da Correggio.$0(OLS)http://semarc/name/62567 245 10$aOpere :$bCefalo, Psiche, Silva, Rime /$cNiccolò da Correggio ; A cura di Antonia Tissoni Benvenuti. 260 $aBari :$bLaterza & Figli,$c1969. 300 $a591 p. ;$c22 cm. 490 0 $aScrittori d'Italia ;$v244 500 $aContiene : Nota biobibliografica. 700 1 $aTissoni Benvenuti, Antonia,$d<1950- >.$0(OLS)http://semarc/name/3654 830 0$aScrittori d'Italia ;$v244.$0(OLS)http://semarc/title/138 850 $aSeMil 852 $aSeMil$W1$xVenegono$y1$m1E I 129$j117091$B117091$CSeMilBibl$Z2$F127912 $81 996 $6245$aOpere :$bCefalo, Psiche, Silva, Rime$9(OLS)http://semarc/title/236949 996 $6260$aBari :$bLaterza & Figli$9(OLS)http://semarc/publisher/29663 LEADER 01362nam a2200289 4500 001 000000365964 003 CaOOAMICUS 005 20260116115626.0 008 260107s2025 it 000 u ita r 020 $a978-88-99483-42-5 040 $aSeMil$bita 100 1 $aBiasi, Marco,$d<1983- >.$0(OLS)http://semarc/name/120790 245 10$aNon ho l'età. Anzi, sì! :$bBaby Boomer, Gen X, Millennial e Gen Z : la convivenza intergenerazionale in azienda al tempo dell'IA /$cM. Biasi ... [et. al.]. 264 1$aMilano :$bINAZ,$c2025. 300 $a91 p. ;$c18 cm 490 1 $aPiccola biblioteca d'impresa 650 4$aImpresa - Aspetti sociali.$0(OLS)http://semarc/subject/20507 650 4$aGenerazioni - Rapporti.$0(OLS)http://semarc/subject/48982 830 0$aPiccola biblioteca d'impresa.$0(OLS)http://semarc/title/39141 850 $aSeMil 852 $aSeMil$W1$xVenegono$y1$m3M I 433$j266117$B256757$CSeMilBibl$Z2$F256757 $81 941 1 $a7 961 $aOmaggio mons. Mario Delpini 996 $6020$a978-88-99483-42-5$9(OLS)http://semarc/number/305058 996 $6245$aNon ho l'età. Anzi, sì! :$bBaby Boomer, Gen X, Millennial e Gen Z : la convivenza intergenerazionale in azienda al tempo dell'IA$9(OLS)http://semarc/title/457657 996 $6264$aMilano :$bINAZ$9(OLS)http://semarc/publisher/37902